[Event "Montenegro Festival Mix-01 2021"]
[Site "Podgorica"]
[Date "2021.03.19"]
[Round "1.1"]
[White "Thybo, Jesper Sondergaard"]
[Black "Tomic, Aleksandar"]
[Result "1-0"]
[WhiteElo "2572"]
[BlackElo "2360"]
[Annotator "TA"]
[PlyCount "71"]
[EventDate "2021.02.26"]
[EventType "swiss"]
[EventCountry "MNE"]
[SourceTitle "playchess.com"]
[Source "ChessBase"]
[SourceQuality "1"]

{[%evp 10,71,27,32,18,27,23,23,23,23,31,29,21,23,42,29,58,59,65,65,65,73,67,0,3,0,0,0,0,0,0,0,0,0,169,174,169,191,164,165,202,189,247,247,296,302,371,336,336,320,332,328,324,318,447,318,305,297,306,293,491,450,896,897]} 1. c4 b6 2. d4 Nf6 3. Nc3 Bb7 4. Qc2 d5 5. cxd5 Nxd5 6. e4 Nxc3 {A50: Queen's Fianchetto Defence (1 d4 Nf6 2 c4 b6).} 7. bxc3 e6 8. Nf3 Be7 {White has an edge.} 9. Be3 O-O 10. Rd1 Nd7 11. Bd3 {[#]} Rc8 $146 ({Predecessor:} 11... c5 12. dxc5 Qc7 13. cxb6 axb6 14. O-O Nc5 15. Bxc5 Bxc5 16. a4 Qc6 17. Ra1 Rfc8 {1-0 (39) Posedaru,B (2327)-Parligras,M (2599) Calimanesti Caciulata 2016}) 12. e5 g6 13. Be4 Bxe4 14. Qxe4 c5 15. d5 exd5 16. Rxd5 ({Better is} 16. Qxd5 $14 Nb8 17. Qc4) 16... Qc7 $11 17. O-O $36 {[%mdl 2048] White fights for an advantage.} b5 18. Bg5 Nb6 {And now ...Bxg5 would win.} 19. Rdd1 Rfe8 20. Qh4 Bf8 21. Bh6 {White wants to play Bxf8.} Bxh6 {Black is now going downhill.} (21... Be7 $11 {and Black has nothing to worry.} 22. Bg5 Na4) 22. Qxh6 $18 {Ng5 is the strong threat.} Rxe5 23. Nxe5 Qxe5 24. Rd3 c4 25. Re3 {[%cal Re3e5]} Qg7 {[#]} (25... Qh5 $142 26. Qxh5 gxh5) 26. Qg5 $1 a6 {[#]} 27. Rd1 $1 {[%cal Rd1d8] Threatens to win with Rd8+.} Rf8 28. Qe7 Na4 29. Rd8 h6 30. Rxf8+ Qxf8 {[%mdl 4096] Endgame KQR-KQN} 31. Qd7 {aiming for Re8.} Qc5 (31... Nc5 $142 32. Qc6 Ne6 33. Qxa6 Qd8) 32. Rf3 Qf8 33. Qc6 Qd8 {[%cal Rd8d1]} 34. h4 Nb6 $2 (34... Kg7 {was worth a try.} 35. Qxa6 Qb6) 35. h5 Qd1+ (35... Nc8 $142 36. hxg6 Qd1+ 37. Kh2 Qd6+ 38. Qxd6 Nxd6 39. gxf7+ Kf8) 36. Kh2 {Weighted Error Value: White=0.11/Black=0.34} 1-0

[Event "Montenegro Festival Mix-01 2021"]
[Site "Podgorica"]
[Date "2021.03.19"]
[Round "1.2"]
[White "Injac, Teodora"]
[Black "Sanal, Vahap"]
[Result "1/2-1/2"]
[WhiteElo "2319"]
[BlackElo "2571"]
[Annotator "TA"]
[PlyCount "42"]
[EventDate "2021.02.26"]
[EventType "swiss"]
[EventCountry "MNE"]
[SourceTitle "playchess.com"]
[Source "ChessBase"]
[SourceQuality "1"]

{[%evp 25,26,13,0]} 1. c4 c5 2. Nc3 Nc6 3. g3 g6 4. Bg2 Bg7 5. Nf3 Nf6 6. d3 d6 7. O-O O-O 8. a3 a6 9. Rb1 Rb8 10. b4 cxb4 11. axb4 b5 12. cxb5 axb5 13. Bd2 Bd7 {[#]} {Predecessor:} 14. Qc1 $146 {A38: Symmetrical English vs ...g6: 4 Bg2 Bg7 5 Nf3 Nf6.} Re8 15. Bh6 Bh8 16. h3 d5 17. d4 Bf5 18. Rb3 Ne4 19. Nxe4 dxe4 20. Qxc6 exf3 21. Qxf3 Qxd4 {½-½ (62) Ragger,M (2672)-Giri,A (2732) Warsaw 2013} 1/2-1/2

[Event "Montenegro Festival Mix-01 2021"]
[Site "Podgorica"]
[Date "2021.03.19"]
[Round "1.3"]
[White "Delchev, Aleksander"]
[Black "Sukovic, Andrej"]
[Result "1-0"]
[WhiteElo "2526"]
[BlackElo "2282"]
[Annotator "TA"]
[PlyCount "55"]
[EventDate "2021.02.26"]
[EventType "swiss"]
[EventCountry "MNE"]
[SourceTitle "playchess.com"]
[Source "ChessBase"]
[SourceQuality "1"]

{[%evp 9,55,21,16,8,17,10,31,10,38,39,47,41,52,49,43,43,45,7,11,12,8,0,29,36,53,75,83,68,57,63,81,51,108,95,150,152,142,140,135,58,122,121,110,106,438,446,462,462]} 1. e4 c5 2. Nc3 a6 3. g3 Nc6 4. Bg2 g6 5. d3 Bg7 6. f4 {B24: Closed Sicilian: 3 g3 sidelines.} d6 7. Nf3 Nh6 8. O-O {White is slightly better.} f5 {[#]} 9. Nd5 $146 ({Predecessor:} 9. exf5 Nxf5 10. Ne4 O-O 11. c3 Kh8 12. g4 Nh6 13. h3 Bd7 14. Qe1 b6 15. Bd2 {1-0 (34) Petrosian,T (2648)-Dziuba,M (2602) Warsaw 2012}) 9... O-O 10. c3 e6 {Strongly threatening ...fxe4.} 11. Ne3 Rb8 12. a4 Nf7 13. Kh1 b5 14. axb5 axb5 15. exf5 gxf5 16. d4 b4 17. d5 bxc3 18. bxc3 ({Stronger than} 18. dxc6 cxb2 19. Bxb2 Rxb2 $17) 18... exd5 19. Nxd5 Ne7 20. Ra7 Bb7 ({Better is} 20... Nxd5 $14 21. Qxd5 Qb6 22. Rxf7 {[%mdl 64] Remove Defender} Rxf7) 21. Nh4 $16 Bxd5 (21... Nh6 $142) 22. Bxd5 Nxd5 23. Qxd5 Qb6 {[#]} 24. Re7 (24. Ra3 $1 $16) 24... Qb3 (24... Bf6 $14 25. Re2 Bxc3) 25. Qxb3 ({Don't do} 25. Qxf5 Qxc3 26. Nf3 Qf6 $11) 25... Rxb3 26. Nxf5 Bxc3 $2 {[%mdl 8192] [#]} (26... Ra8 $16 {is a better chance.}) 27. Re3 $1 $18 Ra8 {If Black can now play ...c4 this consolidates a bit.} 28. Ne7+ {Weighted Error Value: White=0.09/Black=0.42} 1-0

[Event "Montenegro Festival Mix-01 2021"]
[Site "Podgorica"]
[Date "2021.03.19"]
[Round "1.4"]
[White "Kisic, Bozidar"]
[Black "Djukic, Nikola"]
[Result "1-0"]
[WhiteElo "2233"]
[BlackElo "2521"]
[Annotator "ChessBase"]
[PlyCount "141"]
[EventDate "2021.02.26"]
[EventType "swiss"]
[EventCountry "MNE"]
[SourceTitle "playchess.com"]
[Source "ChessBase"]
[SourceQuality "1"]
[TimeControl "40/5400+30:900+30"]

1. d4 {[%emt 0:00:00]} Nf6 {[%emt 0:00:00]} 2. c4 {[%emt 0:00:01]} g6 {[%emt 0:00:00]} 3. Nc3 {[%emt 0:00:30]} Bg7 {[%emt 0:00:00]} 4. e4 {[%emt 0:00:12]} d6 {[%emt 0:00:00]} 5. h3 {[%emt 0:00:10]} O-O {[%emt 0:00:01]} 6. Be3 {[%emt 0:00:04]} c6 {[%emt 0:04:22]} 7. Bd3 {[%emt 0:06:53]} e5 {[%emt 0:04:27]} 8. d5 {[%emt 0:01:30]} Na6 {[%emt 0:00:33]} 9. Nge2 {[%emt 0:06:05]} Nc5 {[%emt 0:01:31]} 10. Bc2 {[%emt 0:01:45]} a5 {[%emt 0:00:47]} 11. g4 {[%emt 0:04:03]} Bd7 {[%emt 0:08:02]} 12. Ng3 {[%emt 0:02:49]} cxd5 {[%emt 0:00:11]} 13. exd5 {[%emt 0:06:01]} a4 {[%emt 0:13:54]} 14. Qd2 {[%emt 0:30:37]} Qa5 {[%emt 0:03:49]} 15. g5 {[%emt 0:04:12]} Ne8 {[%emt 0:01:33]} 16. Nce4 {[%emt 0:01:40]} Nxe4 {[%emt 0:08:16]} 17. Qxa5 {[%emt 0:01:58]} Rxa5 {[%emt 0:00:06]} 18. Nxe4 {[%emt 0:00:28]} Bf5 {[%emt 0:02:15]} 19. Kd2 {[%emt 0:09:04]} f6 {[%emt 0:10:21]} 20. b4 {[%emt 0:09:55]} Ra8 {[%emt 0:04:39]} 21. gxf6 {[%emt 0:01:26]} Bxf6 {[%emt 0:00:06]} 22. c5 {[%emt 0:01:18]} Bh4 {[%emt 0:02:46]} 23. Ke2 {[%emt 0:05:52]} Nc7 {[%emt 0:01:31]} 24. Rad1 {[%emt 0:03:40]} Nb5 {[%emt 0:00:07]} 25. Rd2 {[%emt 0:01:21]} Rac8 {[%emt 0:12:01]} 26. Bd3 {[%emt 0:00:25]} Nd4+ {[%emt 0:05:52]} 27. Bxd4 {[%emt 0:00:05]} Bxe4 {[%emt 0:00:05]} 28. Bxe4 {[%emt 0:00:03]} exd4 {[%emt 0:00:05]} 29. c6 {[%emt 0:00:36]} Bxf2 {[%emt 0:08:09]} 30. b5 {[%emt 0:00:19]} Rce8 {[%emt 0:02:56]} 31. Kd3 {[%emt 0:00:32]} Rf4 {[%emt 0:00:57]} 32. Re2 {[%emt 0:00:42]} Be3 {[%emt 0:00:52]} 33. Bg2 {[%emt 0:00:04]} b6 {[%emt 0:03:27]} 34. Rb1 {[%emt 0:00:08]} Rf7 {[%emt 0:00:45]} 35. Rb4 {[%emt 0:00:48]} Ra8 {[%emt 0:00:05]} 36. h4 {[%emt 0:00:52]} Kg7 {[%emt 0:00:54]} 37. Rc4 {[%emt 0:00:32]} Rc7 {[%emt 0:00:15]} 38. Rb4 {[%emt 0:00:36]} Kh6 {[%emt 0:01:19]} 39. Rb1 {[%emt 0:00:40]} a3 {[%emt 0:01:48]} 40. Bh3 {[%emt 0:00:00]} Kh5 {[%emt 0:00:00]} 41. Be6 {[%emt 0:04:13]} Rf8 {[%emt 0:01:54]} 42. Rg2 {[%emt 0:07:20]} Rf4 {[%emt 0:04:29]} 43. Rb4 {[%emt 0:01:33]} Rf1 {[%emt 0:01:30]} 44. Ra4 {[%emt 0:01:07]} Rb1 {[%emt 0:03:50]} 45. Ra8 {[%emt 0:01:00]} Rxb5 {[%emt 0:00:13]} 46. Rb8 {[%emt 0:01:12]} Ra5 {[%emt 0:00:07]} 47. Rb7 {[%emt 0:00:53]} Ra7 {[%emt 0:00:08]} 48. Rxb6 {[%emt 0:00:33]} Re7 {[%emt 0:01:18]} 49. Rb8 {[%emt 0:00:44]} Bf4 {[%emt 0:01:08]} 50. Rb1 {[%emt 0:01:13]} Be5 {[%emt 0:00:52]} 51. Rb8 {[%emt 0:00:46]} Bf6 {[%emt 0:00:58]} 52. Rb1 {[%emt 0:01:34]} Bxh4 {[%emt 0:01:31]} 53. Rg4 {[%emt 0:00:11]} g5 {[%emt 0:00:29]} 54. Rxd4 {[%emt 0:00:14]} Kg6 {[%emt 0:00:35]} 55. Rdb4 {[%emt 0:00:20]} h5 {[%emt 0:00:58]} 56. Rb7 {[%emt 0:00:15]} Bf2 {[%emt 0:00:11]} 57. Rxe7 {[%emt 0:00:54]} Rxe7 {[%emt 0:00:06]} 58. Bd7 {[%emt 0:00:26]} Re3+ {[%emt 0:01:40]} 59. Kd2 {[%emt 0:00:20]} Re5 {[%emt 0:00:19]} 60. c7 {[%emt 0:00:33]} Rxd5+ {[%emt 0:00:04]} 61. Ke2 {[%emt 0:00:17]} Rc5 {[%emt 0:00:10]} 62. c8=Q {[%emt 0:00:15]} Rxc8 {[%emt 0:00:04]} 63. Bxc8 {[%emt 0:00:05]} Bc5 {[%emt 0:00:04]} 64. Kf3 {[%emt 0:00:12]} g4+ {[%emt 0:00:19]} 65. Kf4 {[%emt 0:00:33]} Bd4 {[%emt 0:00:05]} 66. Rb3 {[%emt 0:00:39]} Be5+ {[%emt 0:00:05]} 67. Ke4 {[%emt 0:00:24]} Kg5 {[%emt 0:01:28]} 68. Rxa3 {[%emt 0:00:14]} h4 {[%emt 0:00:05]} 69. Ke3 {[%emt 0:01:21]} h3 {[%emt 0:00:17]} 70. Ra4 {[%emt 0:00:55]} h2 {[%emt 0:00:11]} 71. Bb7 {[%emt 0:00:26]} 1-0

[Event "Montenegro Festival Mix-01 2021"]
[Site "Podgorica"]
[Date "2021.03.19"]
[Round "1.5"]
[White "Suleymanli, Aydin"]
[Black "Alivodic, Dario"]
[Result "1-0"]
[WhiteElo "2512"]
[BlackElo "2189"]
[Annotator "TA"]
[PlyCount "51"]
[EventDate "2021.02.26"]
[EventType "swiss"]
[EventCountry "MNE"]
[SourceTitle "playchess.com"]
[Source "ChessBase"]
[SourceQuality "1"]

{[%evp 10,51,64,63,60,52,69,56,65,50,49,31,90,90,90,91,91,91,99,99,91,97,344,352,445,446,418,441,436,429,414,416,395,381,384,359,736,743,757,758,5589,5518,29983,29984]} 1. d4 e6 2. c4 d5 3. Nf3 c6 4. Qc2 f5 5. Bf4 Nf6 6. e3 Bd6 {A84: Dutch Defence: 2 c4 Miscellaneous.} 7. Bd3 Ne4 8. Nc3 O-O {White is slightly better.} 9. h4 b6 {[#]} 10. a3 $146 ({Predecessor:} 10. Ne5 Bb7 11. cxd5 exd5 12. g4 Bxe5 13. Bxe5 Nd7 14. Bf4 c5 15. f3 Nxc3 16. bxc3 cxd4 17. cxd4 {1-0 (28) Mikrut,D (2375)-Peterson,E (2168) Katowice 2017}) 10... Bb7 (10... Bxf4 $14 11. exf4 Nd7) 11. Bxe4 $16 fxe4 12. Ng5 $1 {[%cal Rg5e6]} Qe7 13. Bxd6 Qxd6 {[#]} 14. Ncxe4 $1 dxe4 15. Qxe4 $40 {[%csl Gg5][%cal Re4h7][%mdl 192] Double Attack. White has strong attack.} g6 $2 {Black cannot hold the game after this.} (15... Rf5 $16 {is a better defense.}) 16. h5 $18 Rf5 17. hxg6 {Intending Qxf5! and mate.} Rxg5 {[#]} 18. Qh4 $1 {[%cal Rh4h7]} Qe7 {intending ...e5.} 19. f4 Nd7 20. gxh7+ ({Not} 20. Qxg5 Qxg5 21. gxh7+ (21. fxg5 hxg6 22. O-O-O Nf8 $14) 21... Kg7 $18) (20. fxg5 Nf8 $18) 20... Kh8 {Threatens to win with ...Rg7.} 21. fxg5 ({Don't do} 21. Qxg5 Qxg5 22. fxg5 c5 $18) 21... c5 22. O-O-O Rc8 $2 (22... Qg7 23. dxc5 Bxg2) 23. g6 Qg7 24. dxc5 {Strongly threatening Rhf1.} Rf8 25. Rhf1 {Threatening mate with Rxf8+.} Rxf1 26. Rxf1 {Weighted Error Value: White=0.05/Black=0.89} 1-0

[Event "Montenegro Festival Mix-01 2021"]
[Site "Podgorica"]
[Date "2021.03.19"]
[Round "1.6"]
[White "Vujovic, Savo"]
[Black "Blagojevic, Dragisa"]
[Result "1-0"]
[WhiteElo "2187"]
[BlackElo "2489"]
[Annotator "ChessBase"]
[PlyCount "123"]
[EventDate "2021.02.26"]
[EventType "swiss"]
[EventCountry "MNE"]
[SourceTitle "playchess.com"]
[Source "ChessBase"]
[SourceQuality "1"]
[TimeControl "40/5400+30:900+30"]

1. d4 {[%emt 0:00:00]} d5 {[%emt 0:00:00]} 2. c4 {[%emt 0:00:00]} e6 {[%emt 0:00:28]} 3. Nf3 {[%emt 0:00:07]} Nf6 {[%emt 0:00:24]} 4. Nc3 {[%emt 0:00:08]} Nbd7 {[%emt 0:00:32]} 5. Bg5 {[%emt 0:01:08]} c6 {[%emt 0:00:18]} 6. e3 {[%emt 0:00:44]} Qa5 {[%emt 0:00:34]} 7. Nd2 {[%emt 0:00:19]} dxc4 {[%emt 0:00:24]} 8. Bxf6 {[%emt 0:00:07]} Nxf6 {[%emt 0:00:06]} 9. Nxc4 {[%emt 0:00:03]} Qc7 {[%emt 0:00:06]} 10. Rc1 {[%emt 0:00:11]} Be7 {[%emt 0:01:39]} 11. g3 {[%emt 0:02:28]} O-O {[%emt 0:02:11]} 12. Bg2 {[%emt 0:01:12]} Rd8 {[%emt 0:01:10]} 13. O-O {[%emt 0:00:16]} Nd5 {[%emt 0:10:11]} 14. a3 {[%emt 0:02:45]} Bd7 {[%emt 0:01:05]} 15. b4 {[%emt 0:01:21]} Be8 {[%emt 0:00:52]} 16. Qb3 {[%emt 0:01:36]} a6 {[%emt 0:07:08]} 17. Rfd1 {[%emt 0:08:00]} b6 {[%emt 0:19:21]} 18. Ne5 {[%emt 0:17:06]} Qb7 {[%emt 0:02:52]} 19. Nxd5 {[%emt 0:10:28]} cxd5 {[%emt 0:03:35]} 20. Rc3 {[%emt 0:01:28]} Rdc8 {[%emt 0:11:37]} 21. Rdc1 {[%emt 0:04:31]} Bd6 {[%emt 0:05:20]} 22. Nc4 {[%emt 0:10:21]} Bf8 {[%emt 0:02:55]} 23. Qc2 {[%emt 0:04:35]} Bd7 {[%emt 0:10:33]} 24. Qb2 {[%emt 0:11:09]} f6 {[%emt 0:03:24]} 25. Nd2 {[%emt 0:04:13]} Rxc3 {[%emt 0:00:22]} 26. Rxc3 {[%emt 0:00:15]} Rc8 {[%emt 0:00:36]} 27. e4 {[%emt 0:04:28]} Rxc3 {[%emt 0:01:32]} 28. Qxc3 {[%emt 0:00:06]} Bc6 {[%emt 0:08:34]} 29. Qb3 {[%emt 0:01:25]} Qd7 {[%emt 0:00:49]} 30. exd5 {[%emt 0:00:38]} Bxd5 {[%emt 0:00:29]} 31. Bxd5 {[%emt 0:00:07]} Qxd5 {[%emt 0:00:28]} 32. Qxd5 {[%emt 0:00:06]} exd5 {[%emt 0:00:04]} 33. Nb1 {[%emt 0:01:59]} a5 {[%emt 0:02:10]} 34. b5 {[%emt 0:05:28]} Kf7 {[%emt 0:00:59]} 35. Kf1 {[%emt 0:01:24]} Ke6 {[%emt 0:01:04]} 36. Ke2 {[%emt 0:01:53]} h5 {[%emt 0:00:56]} 37. h3 {[%emt 0:00:55]} Bd6 {[%emt 0:00:40]} 38. g4 {[%emt 0:01:20]} hxg4 {[%emt 0:00:15]} 39. hxg4 {[%emt 0:00:04]} Bf4 {[%emt 0:01:25]} 40. f3 {[%emt 0:00:00]} Bc1 {[%emt 0:00:00]} 41. Kd3 {[%emt 0:02:18]} Bb2 {[%emt 0:03:41]} 42. a4 {[%emt 0:01:22]} f5 {[%emt 0:04:56]} 43. Nd2 {[%emt 0:00:12]} Kf6 {[%emt 0:06:04]} 44. gxf5 {[%emt 0:02:25]} Bc1 {[%emt 0:01:24]} 45. Nb1 {[%emt 0:01:52]} Bb2 {[%emt 0:00:12]} 46. Nd2 {[%emt 0:00:26]} Kxf5 {[%emt 0:00:32]} 47. Nf1 {[%emt 0:01:08]} Kf4 {[%emt 0:01:10]} 48. Ne3 {[%emt 0:00:08]} Kxf3 {[%emt 0:00:06]} 49. Nxd5 {[%emt 0:00:04]} g5 {[%emt 0:00:05]} 50. Nxb6 {[%emt 0:00:39]} g4 {[%emt 0:01:01]} 51. Nd5 {[%emt 0:04:19]} g3 {[%emt 0:02:02]} 52. Ne3 {[%emt 0:00:07]} Kf4 {[%emt 0:01:34]} 53. b6 {[%emt 0:01:53]} Ba3 {[%emt 0:00:08]} 54. Nc4 {[%emt 0:02:10]} g2 {[%emt 0:00:53]} 55. b7 {[%emt 0:00:07]} Bd6 {[%emt 0:00:22]} 56. Nxd6 {[%emt 0:00:10]} g1=Q {[%emt 0:00:02]} 57. b8=Q {[%emt 0:00:11]} Qf1+ {[%emt 0:01:05]} 58. Kc2 {[%emt 0:00:45]} Qf2+ {[%emt 0:00:28]} 59. Kb3 {[%emt 0:01:02]} Qf3+ {[%emt 0:00:34]} 60. Ka2 {[%emt 0:00:43]} Qg2+ {[%emt 0:00:28]} 61. Ka3 {[%emt 0:00:35]} Qf3+ {[%emt 0:00:38]} 62. Qb3 {[%emt 0:00:10]} 1-0

[Event "Montenegro Festival Mix-01 2021"]
[Site "Podgorica"]
[Date "2021.03.19"]
[Round "1.7"]
[White "Nikcevic, Nebojsa"]
[Black "Pobor, Milo"]
[Result "1-0"]
[WhiteElo "2412"]
[BlackElo "2105"]
[Annotator "NA"]
[PlyCount "57"]
[EventDate "2021.02.26"]
[EventType "swiss"]
[EventCountry "MNE"]
[SourceTitle "playchess.com"]
[Source "ChessBase"]
[SourceQuality "1"]
[TimeControl "40/5400+30:900+30"]

1. d4 {[%emt 0:00:00]} Nf6 {[%emt 0:00:00]} 2. c4 {[%emt 0:00:58]} c5 {[%emt 0:00:00]} 3. Nf3 {[%emt 0:00:21]} g6 {[%emt 0:05:33]} 4. Nc3 {[%emt 0:00:51]} Bg7 {[%emt 0:01:08]} 5. e4 {[%emt 0:00:07]} O-O {[%emt 0:00:31]} 6. Be2 {[%emt 0:00:28]} d6 {[%emt 0:06:02]} 7. O-O {[%emt 0:00:14]} Nc6 {[%emt 0:01:06]} 8. d5 {[%emt 0:00:10]} Nb8 {[%emt 0:01:02]} 9. Bf4 {[%emt 0:06:12]} Na6 {[%emt 0:11:31]} 10. h3 {[%emt 0:02:29]} Nc7 {[%emt 0:01:04]} 11. Re1 {[%emt 0:13:52]} a6 {[%emt 0:05:47]} 12. a4 {[%emt 0:04:47]} Rb8 {[%emt 0:03:27]} 13. e5 {[%emt 0:07:13]} Nfe8 {[%emt 0:04:52]} 14. a5 {[%emt 0:03:40]} b5 {[%emt 0:05:18]} 15. axb6 {[%emt 0:00:24]} Rxb6 {[%emt 0:00:19]} 16. Qd2 {[%emt 0:00:29]} Bd7 {[%emt 0:17:57]} 17. Ra2 {[%emt 0:07:40]} dxe5 {[%emt 0:06:18]} 18. Nxe5 {[%emt 0:00:52]} Nd6 {[%emt 0:01:25]} 19. Nxd7 {[%emt 0:02:01]} Qxd7 {[%emt 0:00:17]} 20. Na4 {[%emt 0:00:25]} Rbb8 {[%emt 0:00:33]} 21. Nxc5 {[%emt 0:01:36]} Qd8 {[%emt 0:01:01]} 22. b3 {[%emt 0:03:30]} Nf5 {[%emt 0:03:46]} 23. Qa5 {[%emt 0:13:05]} Nd6 {[%emt 0:01:44]} 24. Bd1 {[%emt 0:01:29]} Bd4 {[%emt 0:01:08]} 25. Be5 {[%emt 0:08:27]} Bxe5 {[%emt 0:01:04]} 26. Rxe5 {[%emt 0:00:05]} Nb7 {[%emt 0:02:51]} 27. Nxb7 {[%emt 0:03:19]} Rxb7 {[%emt 0:00:12]} 28. Qa3 {[%emt 0:03:28]} e6 {[%emt 0:01:30]} 29. d6 {[%emt 0:02:42]} 1-0

[Event "Montenegro Festival Mix-01 2021"]
[Site "Podgorica"]
[Date "2021.03.19"]
[Round "1.8"]
[White "Djurovic, Peko"]
[Black "Can, Isik"]
[Result "0-1"]
[WhiteElo "2062"]
[BlackElo "2380"]
[Annotator "RC"]
[PlyCount "56"]
[EventDate "2021.02.26"]
[EventType "swiss"]
[EventCountry "MNE"]
[SourceTitle "playchess.com"]
[Source "ChessBase"]
[SourceQuality "1"]
[TimeControl "40/5400+30:900+30"]

1. e4 {[%emt 0:00:00]} c6 {[%emt 0:00:00]} 2. d4 {[%emt 0:00:00]} d5 {[%emt 0:00:00]} 3. e5 {[%emt 0:00:00]} Bf5 {[%emt 0:00:00]} 4. h4 {[%emt 0:00:00]} h5 {[%emt 0:00:00]} 5. Bg5 {[%emt 0:00:02]} Qb6 {[%emt 0:00:05]} 6. Bd3 {[%emt 0:00:14]} Qxd4 {[%emt 0:00:05]} 7. Nf3 {[%emt 0:00:10]} Qg4 {[%emt 0:00:05]} 8. O-O {[%emt 0:00:07]} Bxd3 {[%emt 0:00:03]} 9. Qxd3 {[%emt 0:00:05]} e6 {[%emt 0:00:04]} 10. Nbd2 {[%emt 0:00:07]} Be7 {[%emt 0:00:35]} 11. c4 {[%emt 0:01:37]} Bxg5 {[%emt 0:07:34]} 12. Nxg5 {[%emt 0:00:18]} Ne7 {[%emt 0:00:05]} 13. cxd5 {[%emt 0:02:29]} cxd5 {[%emt 0:08:51]} 14. Rac1 {[%emt 0:06:28]} Nbc6 {[%emt 0:02:48]} 15. Ndf3 {[%emt 0:01:18]} Ng6 {[%emt 0:12:25]} 16. Qb5 {[%emt 0:21:17]} O-O {[%emt 0:01:08]} 17. Qxb7 {[%emt 0:01:03]} Ncxe5 {[%emt 0:13:52]} 18. Nxe5 {[%emt 0:04:02]} Nxe5 {[%emt 0:00:55]} 19. Rc3 {[%emt 0:16:34]} Qxh4 {[%emt 0:08:05]} 20. f4 {[%emt 0:14:17]} Ng6 {[%emt 0:02:07]} 21. Rcf3 {[%emt 0:01:47]} Rab8 {[%emt 0:17:08]} 22. Qxa7 {[%emt 0:08:36]} Rxb2 {[%emt 0:00:17]} 23. Qe3 {[%emt 0:00:12]} Qg4 {[%emt 0:06:58]} 24. Rg3 {[%emt 0:00:16]} Qe2 {[%emt 0:03:48]} 25. Qxe2 {[%emt 0:01:03]} Rxe2 {[%emt 0:00:02]} 26. f5 {[%emt 0:00:33]} exf5 {[%emt 0:00:25]} 27. Rxf5 {[%emt 0:00:03]} Rxa2 {[%emt 0:00:09]} 28. Rxd5 {[%emt 0:00:10]} Nf4 {[%emt 0:00:03]} 0-1

[Event "Montenegro Festival Mix-01 2021"]
[Site "Podgorica"]
[Date "2021.03.20"]
[Round "2.1"]
[White "Nikcevic, Nebojsa"]
[Black "Thybo, Jesper Sondergaard"]
[Result "1/2-1/2"]
[WhiteElo "2412"]
[BlackElo "2572"]
[Annotator "TA"]
[PlyCount "110"]
[EventDate "2021.02.26"]
[EventType "swiss"]
[EventCountry "MNE"]
[SourceTitle "playchess.com"]
[Source "ChessBase"]
[SourceQuality "1"]

{[%evp 9,110,-7,0,-10,-9,-9,-4,0,0,0,0,-10,-6,-84,-50,-54,-43,-51,-54,-70,-38,-64,-12,-60,4,11,8,8,10,1,21,28,38,0,8,6,41,24,72,27,25,33,37,0,33,26,38,35,21,14,47,47,44,44,41,41,60,37,41,35,23,17,34,35,28,37,106,99,99,17,19,17,22,21,22,18,16,29,29,14,14,13,13,14,14,0,0,0,0,0,0,0,0,0,0,0,0,0,0,0,0,0,0]} 1. Nf3 d5 2. d4 Nf6 3. c4 e6 4. e3 b6 5. cxd5 exd5 6. Bb5+ {E14: Queen's Indian: Classical Variation (4 e3).} c6 7. Bd3 Bd6 8. O-O O-O 9. Nc3 Re8 10. Re1 Ne4 {[#]} 11. h3 $146 (11. Ne5 $11) ({Predecessor:} 11. Ne2 f5 12. Qc2 Bb7 13. Rb1 Nd7 14. b4 g5 15. Bb2 Bxb4 16. Red1 Bd6 17. Ng3 {1-0 (49) Gajewski,G (2601)-Bosiocic,M (2624) Katowice 2017}) 11... Qe7 12. Nd2 Qh4 13. Ndxe4 dxe4 14. Bf1 Bf5 15. Bd2 Re6 (15... Nd7 $15) 16. g3 (16. Ne2 {is interesting.} Nd7 17. Rc1 Rg6 18. Rxc6 Bh2+ 19. Kxh2 Rxc6 20. Ng3) 16... Qe7 (16... Bxg3 $1 $15 17. fxg3 Qxg3+ 18. Bg2 Bxh3) 17. Bg2 $36 {[%mdl 2048] White fights for an advantage.} Nd7 18. f4 exf3 19. Qxf3 {[%mdl 64] Double Attack} Qg5 20. g4 Bg6 21. Rad1 ({Much worse is} 21. Qxc6 Bh2+ $1 22. Kxh2 Rxc6 $17) 21... Qh4 22. e4 $1 {[%cal Re4e5] Threatening e5.} Rd8 23. e5 Bb8 {[%cal Rd7e5]} 24. Ne4 Bxe4 25. Rxe4 {Black must now prevent g5.} Qe7 26. Bf1 {Strongly threatening Bc4.} Bxe5 27. dxe5 Nxe5 {[#]} 28. Rxe5 Rxe5 {[#]} 29. Bb4 c5 (29... Qg5 30. Rxd8+) 30. Rxd8+ Qxd8 31. Bc3 Re7 32. Bd3 Qb8 33. Kg2 {And now Qf5 would win.} (33. a4 {with more complications.} Qc8 34. b3 h6 35. h4 Kf8 36. Bb5) 33... Qb7 34. Qxb7 Rxb7 35. a4 Rd7 36. Bc4 {[%mdl 1024] White has compensation.} Rd1 37. Be5 Kf8 {[#]} (37... Re1 $14 38. Bb8 Re7) 38. b3 $1 $16 Rd8 39. h4 ({White should try} 39. g5 $16) 39... f6 $11 40. Bc7 Rd7 41. Bb8 Ke7 $1 42. Kf3 Rb7 43. Bf4 Rd7 44. h5 Rd8 {The position is equal.} 45. Ke3 g6 46. Bd3 Kf7 47. Kd2 gxh5 48. gxh5 f5 49. Ke3 Kf6 50. Bc4 Rd1 51. Bb8 Rd7 52. Kf4 {aiming for Be5+.} Rd4+ 53. Kf3 Rd7 54. Kf4 {Hoping for Be5+.} Rd4+ 55. Kf3 Rd7 $1 {Weighted Error Value: White=0.12/Black=0.12} 1/2-1/2

[Event "Montenegro Festival Mix-01 2021"]
[Site "Podgorica"]
[Date "2021.03.20"]
[Round "2.2"]
[White "Can, Isik"]
[Black "Delchev, Aleksander"]
[Result "1/2-1/2"]
[WhiteElo "2380"]
[BlackElo "2526"]
[Annotator "TA"]
[PlyCount "45"]
[EventDate "2021.02.26"]
[EventType "swiss"]
[EventCountry "MNE"]
[SourceTitle "playchess.com"]
[Source "ChessBase"]
[SourceQuality "1"]

{[%evp 29,45,0,0,0,0,0,0,0,0,0,0,0,14,0,25,19,12,-5]} 1. e4 e5 2. Nf3 Nc6 3. Bb5 a6 4. Bxc6 dxc6 5. O-O Bg4 6. h3 h5 7. d3 Qf6 8. Nbd2 Ne7 9. Re1 Ng6 10. d4 Bd6 11. hxg4 hxg4 12. Nh2 Rxh2 13. Qxg4 Qh4 14. Qxh4 Rxh4 15. Nf3 Rh5 16. Be3 {C68: Ruy Lopez: Exchange Variation, sidelines.} f6 17. g3 Kf7 18. Rad1 Re8 19. Kg2 exd4 20. Bxd4 Ra5 21. a3 {[#]} c5 $146 ({Predecessor:} 21... Ra4 22. c3 Re7 23. Nd2 c5 24. Be3 Ne5 25. Rf1 b5 26. Bf4 b4 27. axb4 cxb4 28. Ra1 Rxa1 29. Rxa1 g5 30. Be3 Nd3 31. Rxa6 Nxb2 32. cxb4 Bxb4 33. Bd4 {½-½ (33) Schilcher,A (2461)-Ryabov,A (2406) ICCF email 2012}) 22. Bc3 Ra4 23. e5 {An uneventful encounter.  Weighted Error Value: White=0.00/Black=0.05} 1/2-1/2